000 00655nam a2200277Ia 4500
005 20260324130521.0
008 008 260324s9999 xx 000 0 eng d
020 _a9780429119064
037 _aEBOOK
040 _aCRL
040 _beng
040 _cCRL
041 _2eng
041 _aeng
084 _qCRL
100 _aPMP, Ralph L. Kliem
_91171470
245 0 _aEffective Communications for Project Management
260 _bTaylor and Francis
260 _c2007
365 _a
365 _b185
856 _uhttp://www.taylorfrancis.com/books/9780429119064
942 _cEBOOK
999 _c1778309
_d1778309